Microeconomics price theory (Record no. 8018)

MARC details
000 -LEADER
fixed length control field 00777nam a22002537i 4500
003 - CONTROL NUMBER IDENTIFIER
control field URS
005 - DATE AND TIME OF LATEST TRANSACTION
control field 20240507002429.0
008 - FIXED-LENGTH DATA ELEMENTS--GENERAL INFORMATION
fixed length control field 160518t2021 ph ||||| |||| 00| 0 eng d
020 ## - INTERNATIONAL STANDARD BOOK NUMBER
International Standard Book Number 9789719905103
040 ## - CATALOGING SOURCE
Description conventions rda
Transcribing agency DLC
Language of cataloging eng
Original cataloging agency DLC
Modifying agency DLC
-- URS
050 ## - LIBRARY OF CONGRESS CALL NUMBER
Item number 338.5 P14m 2011
082 ## - DEWEY DECIMAL CLASSIFICATION NUMBER
Classification number 338.5
Item number P14 2021
100 1# - MAIN ENTRY--PERSONAL NAME
Personal name Pagaduan, Martina B.
245 ## - TITLE STATEMENT
Title Microeconomics price theory
Statement of responsibility, etc. Pagaduan, Martina B.
264 #1 - PRODUCTION, PUBLICATION, DISTRIBUTION, MANUFACTURE, AND COPYRIGHT NOTICE
Place of production, publication, distribution, manufacture Manila Philippines:
Name of producer, publisher, distributor, manufacturer Mindshapers Company,Inc.,
Date of production, publication, distribution, manufacture, or copyright notice [2011]
300 ## - PHYSICAL DESCRIPTION
Extent viii, 167 pages
Dimensions 22 cm
336 ## - CONTENT TYPE
Content type term text
Content type code txt
Source rdacontent
337 ## - MEDIA TYPE
Media type term unmediated
Media type code n
Source rdamedia
338 ## - CARRIER TYPE
Carrier type term volume
Carrier type code nc
Source rdacarrier
500 ## - GENERAL NOTE
General note Includes bibliography
504 ## - BIBLIOGRAPHY, ETC. NOTE
Bibliography, etc. note Includes bibliographical references (page 167).
650 #0 - SUBJECT ADDED ENTRY--TOPICAL TERM
Topical term or geographic name entry element Microeconomics.
942 ## - ADDED ENTRY ELEMENTS (KOHA)
Source of classification or shelving scheme Dewey Decimal Classification
Koha item type Filipiniana
Holdings
Withdrawn status Source of classification or shelving scheme Damaged status Not for loan Collection code Home library Current library Shelving location Date acquired Coded location qualifier Total Checkouts Full call number Barcode Date last seen Copy number Price effective from Koha item type
  Library of Congress Classification     Non-fiction Pililla College Library Pililla College Library General Stacks 05/18/2016 purchased   338.5 P14m 2011 URSPIL-4567 05/31/2019 1 05/18/2016 Filipiniana
  Library of Congress Classification     Non-fiction Pililla College Library Pililla College Library General Stacks 11/21/2017     338.5 P14m 2011 URSPIL-4569 05/31/2019 3 11/21/2017 Filipiniana
  Library of Congress Classification     Non-fiction Pililla College Library Pililla College Library General Stacks 11/21/2017     338.5 P14m 2011 URSPIL-4568 05/31/2019 2 11/21/2017 Filipiniana
  Dewey Decimal Classification       Pililla College Library Pililla College Library Filipiniana Section 04/30/2024     338.5 P14 2021 URSPIL-7097 04/30/2024   04/30/2024 Filipiniana
  Dewey Decimal Classification       Pililla College Library Pililla College Library Filipiniana Section 04/30/2024     338.5 P14 2021 URSPIL-7098 04/30/2024   04/30/2024 Filipiniana
  Library of Congress Classification       Rodriguez College Library Rodriguez College Library Reference 08/06/2018     HB 172 P14 2015 URSROD-4327 08/06/2018   08/06/2018 Filipiniana
  Library of Congress Classification       Rodriguez College Library Rodriguez College Library Reference 08/06/2018     HB 172 P14 2015 URSROD-4328 08/06/2018   08/06/2018 Filipiniana

University of Rizal System
Email us at univlibservices@urs.edu.ph

Visit our Website www.urs.edu.ph/library